000
00333nam a22001457a 4500
008
210512b ||||| |||| 00| 0 eng d
020
_a
9781308454450
041
_a
eng
080
_a
330.722.6
082
_a
330.722.6
100
_a
61
101
_a
KF
245
_a
Intermediate Accounting
_c
J. David Spiceland
942
_2
udc
_c
BK
999
_c
57277
_d
57277